Most Populous 2-Word Metros Quiz Stats

 Plays Quiz Updated Feb 5, 2012

Challenge
Share
Tweet
Embed
Score 0/30 Timer 07:00
4 Plays Today
Rank City % Correct
7New York
98.3%
6Mexico City
96.6%
12Los Angeles
95%
44San Francisco
85.4%
17Buenos Aires
78.3%
71St. Petersburg
78.1%
130San Diego
76.9%
8São Paulo
76.2%
94Cape Town
67.4%
183Tel Aviv
65.1%
326San José
64.5%
201San Antonio
61.6%
261San Salvador
61.4%
240Kuwait City
60.4%
46Hong Kong
59.9%
Rank City % Correct
53Kuala Lumpur
57.7%
152Guatemala City
55.8%
128Addis Abeba
55.1%
231La Paz
54.7%
221Las Vegas
53%
143St. Louis
51.5%
116Santo Domingo
46.8%
216Kansas City
45.2%
303Phnom Penh
41.5%
61Belo Horizonte
21.6%
168San Juan
20.7%
279Virginia Beach
17.7%
90Porto Alegre
16.1%
253Santa Cruz
13.8%
261Nizhniy Novgorod
11.3%

You're not logged in!

Compare scores with friends on all Sporcle quizzes.
OR
Log In

You Might Also Like...

Show Comments

Extras

Top Quizzes Today


Score Distribution

Your Account Isn't Verified!

In order to create a playlist on Sporcle, you need to verify the email address you used during registration. Go to your Sporcle Settings to finish the process.

Report this User

Report this user for behavior that violates our Community Guidelines.

Details: